Länder der Welt ohne U im Namen - Statistiken

Allgemein
  • Dieses Quiz wurde 369 mal gespielt
  • Das Durchschnittsergebnis liegt bei 98 aus 129
Antwortstatistiken
Hint Antwort % Korrekt
Finnland
91%
Andorra
90%
Belgien
90%
China
90%
Estland
90%
Lettland
90%
I Indien
89%
Italien
89%
Albanien
88%
Kanada
88%
Schweden
88%
A Afghanistan
87%
Brasilien
87%
C Chile
87%
Frankreich
87%
Argentinien
86%
Aserbaidschan
86%
Griechenland
86%
Irak
86%
Polen
86%
Spanien
86%
Armenien
85%
D Dänemark
85%
Iran
85%
Japan
85%
Jemen
85%
Mexiko
84%
Norwegen
84%
Slowenien
84%
H Haiti
83%
Slowakei
83%
Ägypten
82%
Ghana
82%
Island
82%
Kosovo
82%
Kroatien
82%
Liechtenstein
82%
Monaco
82%
O Oman
82%
Österreich
82%
Schweiz
82%
V Vatikanstadt
82%
Z Zypern
82%
Irland
81%
Vereinigtes Königreich
81%
Indonesien
80%
Israel
80%
Jordanien
80%
Marokko
80%
P Pakistan
80%
Serbien
80%
Algerien
79%
L Laos
79%
Niederlande
79%
Niger
79%
Nordkorea
79%
Angola
78%
Kenia
78%
F Fidschi
77%
Kasachstan
77%
Kirgisistan
77%
San Marino
77%
Togo
77%
Tschechien
77%
Costa Rica
76%
Georgien
76%
Libyen
76%
M Madagaskar
76%
Mali
76%
Malta
76%
Nigeria
76%
Thailand
76%
Vietnam
76%
Eritrea
75%
J Jamaika
75%
Malediven
75%
Nordmazedonien
75%
Senegal
75%
Äthiopien
74%
T Tadschikistan
74%
Bangladesch
73%
G Gambia
73%
Libanon
73%
Montenegro
73%
Belize
72%
B Bahamas
71%
Benin
71%
Mongolei
71%
N Namibia
71%
Nepal
71%
Katar
70%
Sri Lanka
70%
Vereinigte Arabische Emirate
70%
Bahrain
69%
E El Salvador
69%
K Kambodscha
69%
Lesotho
69%
Myanmar
69%
Panama
69%
Somalia
69%
Syrien
69%
Tansania
69%
Bolivien
68%
Eswatini
68%
Kap Verde
68%
Osttimor
68%
Sambia
68%
Seychellen
68%
Taiwan
68%
Tschad
68%
Barbados
67%
Dominica
67%
Philippinen
66%
Liberia
65%
Vereinigte Staaten
65%
Komoren
64%
Tonga
64%
Malawi
63%
Marshallinseln
63%
Mikronesien
62%
Mosambik
62%
Grenada
61%
Malaysia
61%
Simbabwe
61%
Kiribati
59%
Moldawien
59%
S Salomonen
59%
Samoa
59%
Sierra Leone
49%
Keine übereinstimmenden Quizze gefunden
Verteilung der Resultate
Anzahl Personen mit jedem Resultat
Perzentil nach korrekt beantworteten Fragen
Ihre Resultats-Entwicklung
Sie haben dieses Quiz noch nicht gespielt